[Event "St Petersburg Summer op"]
[Site "St Petersburg"]
[Date "2016.08.21"]
[Round "5"]
[White "Kapitsa, Artem"]
[Black "Biyachuev, Minkail"]
[Result "0-1"]
[WhiteElo "1402"]
[BlackElo "1400"]
[PlyCount "130"]
[EventDate "2016.08.17"]
[EventType "swiss"]
[EventRounds "9"]
[EventCountry "RUS"]
[SourceTitle "CBM 174 Extra"]
[Source "ChessBase"]
[SourceDate "2016.10.10"]
[SourceVersion "1"]
[SourceVersionDate "2016.10.10"]
[SourceQuality "1"]

1. d4 Nf6 2. c4 d6 3. Nc3 Nc6 4. Nf3 Bf5 5. Bf4 e6 6. e3 Nb4 7. Rc1 Qd7 8. a3 Nc6 9. Bd3 Bg4 10. Be2 Nh5 11. Bg3 Nxg3 12. hxg3 0-0-0 13. Bd3 h5 14. Qc2 Bf5 15. Bxf5 exf5 16. Nh4 g6 17. Nf3 Bg7 18. Qa4 Rhe8 19. d5 Nb8 20. Qxa7 Bxc3+ 21. Rxc3 c5 22. Rb3 Qc7 23. Ng5 Rd7 24. Ke2 Kd8 25. Rb5 Na6 26. Rc1 Ke7 27. Rc3 Qb8 28. Qb6 Nc7 29. Ra5 Na8 30. Qb5 Qd8 31. Rb3 b6 32. Ra6 Nc7 33. Qxb6 Nxa6 34. Qxa6 Qa8 35. Qb5 Ra7 36. Qb6 Rd8 37. Rb5 Rdd7 38. Qb8 Qxb8 39. Rxb8 Rab7 40. Ra8 Rxb2+ 41. Kf3 Rc2 42. Ra4 Rc3 43. Ke2 Rc2+ 44. Kf3 Rb2 45. Ra5 Rbb7 46. e4 f6 47. Nh3 fxe4+ 48. Kxe4 f5+ 49. Kf4 Ra7 50. Rb5 Rxa3 51. Kg5 Ra2 52. Kxg6 Rc2 53. Kxf5 Rxc4 54. Rb2 Kf8 55. Nf4 h4 56. gxh4 Rf7+ 57. Ke6 Rfxf4 58. Kxd6 Rxh4 59. Rb8+ Kf7 60. Rb7+ Kf6 61. Kc6 Rb4 62. Rc7 c4 63. d6 Rb1 64. d7 Rd4 65. Rc8 Rbd1 0-1

[Event "St Petersburg Summer op"]
[Site "St Petersburg"]
[Date "2016.08.19"]
[Round "3"]
[White "Afanasiev, Nikita A"]
[Black "Kapitsa, Artem"]
[Result "1-0"]
[WhiteElo "1716"]
[BlackElo "1402"]
[PlyCount "33"]
[EventDate "2016.08.17"]
[EventType "swiss"]
[EventRounds "9"]
[EventCountry "RUS"]
[SourceTitle "CBM 174 Extra"]
[Source "ChessBase"]
[SourceDate "2016.10.10"]
[SourceVersion "1"]
[SourceVersionDate "2016.10.10"]
[SourceQuality "1"]

1. e4 e6 2. d4 Nf6 3. Nc3 Bb4 4. Bd3 b6 5. a3 Bxc3+ 6. bxc3 Bb7 7. f3 d5 8. e5 Nfd7 9. Ne2 c5 10. Ng3 Nc6 11. Be3 Qe7 12. 0-0 Rc8 13. f4 h5 14. f5 Nd8 15. fxe6 Nxe6 16. Nf5 Qf8 17. Nd6+ 1-0

[Event "St Petersburg Summer op"]
[Site "St Petersburg"]
[Date "2016.08.17"]
[Round "1"]
[White "Filyanin, Daniil"]
[Black "Kapitsa, Artem"]
[Result "1-0"]
[WhiteElo "2098"]
[BlackElo "1402"]
[PlyCount "47"]
[EventDate "2016.08.17"]
[EventType "swiss"]
[EventRounds "9"]
[EventCountry "RUS"]
[SourceTitle "CBM 174 Extra"]
[Source "ChessBase"]
[SourceDate "2016.10.10"]
[SourceVersion "1"]
[SourceVersionDate "2016.10.10"]
[SourceQuality "1"]

1. e4 Nf6 2. e5 Nd5 3. d4 e6 4. c4 Nb6 5. Nc3 d5 6. exd6 cxd6 7. Nf3 d5 8. c5 N6d7 9. Bf4 Nc6 10. Bd3 g6 11. Nb5 e5 12. Qe2 Bg7 13. Nd6+ Kf8 14. dxe5 Nxc5 15. 0-0 Nxd3 16. Qxd3 Nxe5 17. Qxd5 Be6 18. Qe4 Nxf3+ 19. Qxf3 b6 20. Rad1 Bxb2 21. Nc4 Bd4 22. Rxd4 Qxd4 23. Qxa8+ Kg7 24. Qxh8+ 1-0

[Event "Chigorin Memorial 22nd"]
[Site "St Petersburg"]
[Date "2014.10.25"]
[Round "8"]
[White "Tskhadadze, Anna"]
[Black "Kapitsa, Artem"]
[Result "1-0"]
[WhiteElo "1860"]
[BlackElo "1443"]
[PlyCount "45"]
[EventDate "2014.10.18"]
[EventType "swiss"]
[EventRounds "9"]
[EventCountry "RUS"]
[SourceTitle "EXT 2015"]
[Source "ChessBase"]
[SourceDate "2014.11.20"]
[SourceVersion "1"]
[SourceVersionDate "2014.11.20"]
[SourceQuality "1"]

1. c4 Nf6 2. g3 g6 3. Bg2 Bg7 4. Nc3 c6 5. e4 e6 6. d4 d5 7. e5 Nfd7 8. cxd5 cxd5 9. Nge2 0-0 10. 0-0 Nc6 11. Be3 Qb6 12. Qd2 a6 13. Rac1 Na5 14. b3 Nc6 15. f4 Ne7 16. g4 Qd8 17. Ng3 b5 18. f5 gxf5 19. gxf5 Nxf5 20. Nxf5 exf5 21. Nxd5 Nb6 22. Nxb6 Qxb6 23. Bxa8 1-0

[Event "Chigorin Memorial 22nd"]
[Site "St Petersburg"]
[Date "2014.10.24"]
[Round "7"]
[White "Kapitsa, Artem"]
[Black "Sindarov, Islombek"]
[Result "1-0"]
[WhiteElo "1443"]
[BlackElo "1527"]
[PlyCount "164"]
[EventDate "2014.10.18"]
[EventType "swiss"]
[EventRounds "9"]
[EventCountry "RUS"]
[SourceTitle "EXT 2015"]
[Source "ChessBase"]
[SourceDate "2014.11.20"]
[SourceVersion "1"]
[SourceVersionDate "2014.11.20"]
[SourceQuality "1"]

1. d4 Nf6 2. c4 d5 3. Nc3 e6 4. Bg5 c6 5. Qb3 Be7 6. e3 Nbd7 7. h3 Qb6 8. Qxb6 Nxb6 9. c5 Nbd7 10. Nf3 Ng8 11. Bf4 Ngf6 12. Be2 0-0 13. 0-0 b6 14. b4 a5 15. a3 axb4 16. axb4 Bb7 17. Bd3 b5 18. Bg3 Rxa1 19. Rxa1 Ra8 20. Rxa8+ Bxa8 21. Bh4 Kf8 22. Ne2 Nb8 23. Nc3 Nfd7 24. Bxh7 Bxh4 25. Nxh4 g6 26. Nxg6+ Kg7 27. Ne5 Nxe5 28. Bc2 Nc4 29. g4 Na6 30. Na2 Nd2 31. Kg2 e5 32. dxe5 Nc4 33. e6 fxe6 34. h4 e5 35. g5 e4 36. Kg3 Kg6 37. Kf4 Nc7 38. f3 Ne6+ 39. Kg3 Nxe3 40. Bb1 Nf5+ 41. Kg4 Ne3+ 42. Kg3 Kf5 43. fxe4+ dxe4 44. g6 Nf4 45. Kf2 Ng4+ 46. Kg3 Nh5+ 47. Kh3 Ne5 48. Nc3 Kxg6 49. Nxe4 Nf4+ 50. Kg3 Nfd3 51. Nf2 Kh5 52. Nxd3 Nc4 53. Nf4+ Kh6 54. Be4 Nd2 55. Bg2 Nc4 56. Ne6 Na3 57. Nd8 Nc2 58. Bxc6 Bxc6 59. Nxc6 Kh5 60. Na7 Nxb4 61. Nxb5 Nc6 62. Nd6 Nb8 63. Ne4 Kg6 64. Kg4 Nd7 65. Kf4 Kh5 66. c6 Nb6 67. Kg3 Nd5 68. Nc5 Nb6 69. c7 Nc8 70. Ne6 Nd6 71. Ng7+ Kg6 72. Ne8 Nc8 73. Kg4 Kh6 74. h5 Kh7 75. Kg5 Ne7 76. Nd6 Kg7 77. c8Q Nxc8 78. Nxc8 Kh7 79. h6 Kg8 80. Ne7+ Kh7 81. Nf5 Kg8 82. Kg6 Kh8 1-0

[Event "Chigorin Memorial 22nd"]
[Site "St Petersburg"]
[Date "2014.10.18"]
[Round "1"]
[White "Tarasov, Alexandr"]
[Black "Kapitsa, Artem"]
[Result "1-0"]
[WhiteElo "2191"]
[BlackElo "1443"]
[PlyCount "62"]
[EventDate "2014.10.18"]
[EventType "swiss"]
[EventRounds "9"]
[EventCountry "RUS"]
[SourceTitle "EXT 2015"]
[Source "ChessBase"]
[SourceDate "2014.11.20"]
[SourceVersion "1"]
[SourceVersionDate "2014.11.20"]
[SourceQuality "1"]

1. d4 Nf6 2. Nf3 d6 3. c4 g6 4. Nc3 Bg7 5. g3 0-0 6. Bg2 c5 7. 0-0 Qb6 8. h3 Nc6 9. d5 Ne5 10. Nxe5 dxe5 11. Na4 Qc7 12. Be3 Nd7 13. Qb3 Rb8 14. Rad1 b6 15. Nc3 Nf6 16. f4 Ne8 17. d6 Nxd6 18. Nd5 Qd8 19. Bxc5 Be6 20. Nxe7+ Qxe7 21. Bxd6 Qe8 22. Bxb8 Qxb8 23. Kh2 Qc7 24. Bd5 exf4 25. gxf4 Bh6 26. e3 Qc8 27. Bxe6 Qxe6 28. Rd3 Bg7 29. Rfd1 Bf6 30. Rd6 Qe7 31. Rd7 Qe8 1-0